Regulación de tensión de la red de distribución de Coopelesca R.L. considerando la planta hidroeléctrica Chocosuelas II

Gespeichert in:
Bibliographische Detailangaben
1. Verfasser: Jiménez Oses, Andrey, 1989-
Weitere Verfasser: Valverde Mora, Gustavo Adolfo, 1983- Director de Proyecto Eléctrico
Format: Buch
Sprache:Spanish
Veröffentlicht: [San José], Costa Rica 2014
Schlagworte:
Tags: Tag hinzufügen
Keine Tags, Fügen Sie den ersten Tag hinzu!

MARC

LEADER 00000nam a22000007a 4500
003 012162
005 20230824100514.0
008 150709b2014 cr |||| |||| 00| ||spa d
040 |c cru CEDI 
090 |a TFG 7327 
100 |9 1190  |a Jiménez Oses, Andrey, 1989- 
245 |a Regulación de tensión de la red de distribución de Coopelesca R.L. considerando la planta hidroeléctrica Chocosuelas II 
260 |a  [San José], Costa Rica  |c 2014 
300 |a  x, 33 hojas : ilustraciones (algunas a color) 
500 |a  Proyecto de graduación (bachillerato en ingeniería eléctrica)-- Universidad de Costa Rica. Facultad de Ingeniería. Escuela de Ingeniería Eléctrica 
501 |a Profesor Guía de IE-0499 Proyecto Eléctrico: Dr. Gustavo Valverde Mora 
610 0 |9 800  |a COOPERATIVA DE ELECTRIFICACION RURAL DE SAN CARLOS (ALAJUELA, COSTA RICA) 
650 |x ELECTRICIDAD - DISPOSITIVOS DE DISTRIBUCION  |x PLANTA HIDROELECTRICA CHOCOSUELAS   |9 835 
700 |9 725  |a Valverde Mora, Gustavo Adolfo, 1983-  |d Director de Proyecto Eléctrico  
942 |c CEDI 
999 |c 13867  |d 13867